Ship stability for Mates/ Masters / (Record no. 108)

000 -LEADER
fixed length control field 00541nam a2200157Ia 4500
008 - FIXED-LENGTH DATA ELEMENTS--GENERAL INFORMATION
fixed length control field 190805s9999||||xx |||||||||||||| ||und||
020 ## - INTERNATIONAL STANDARD BOOK NUMBER
International Standard Book Number 9780953437931
Terms of availability £ 21.00
082 04 - DEWEY DECIMAL CLASSIFICATION NUMBER
Classification number 623.8171
Item number R3466
100 1# - MAIN ENTRY--PERSONAL NAME
Personal name Rhodes, Martin A.
245 10 - TITLE STATEMENT
Title Ship stability for Mates/ Masters /
260 ## - PUBLICATION, DISTRIBUTION, ETC. (IMPRINT)
Place of publication, distribution, etc Scotland :
Name of publisher, distributor, etc Witherby Seamanship International Ltd,
Date of publication, distribution, etc 2012, reprinted 2015
300 ## - PHYSICAL DESCRIPTION
Extent xvi, 557 p.
Other physical details : col. Ill.
Dimensions ; 24 cm.
650 #0 - SUBJECT ADDED ENTRY--TOPICAL TERM
Topical term or geographic name as entry element Stability of ships
General subdivision Examinations
Form subdivision Study guides.
852 ## - LOCATION/CALL NUMBER
Location
942 ## - ADDED ENTRY ELEMENTS (KOHA)
Item type Books
Holdings
Withdrawn status Lost status Source of classification or shelving scheme Damaged status Not for loan Collection code Permanent location Current location Shelving location Date acquired Source of acquisition Cost, normal purchase price Total Checkouts Total Renewals Full call number Barcode Date last seen Date last borrowed Koha item type Public note
          Engineering IMU Kochi Library IMU Kochi Library General Stacks 2015-04-08 M/s Sterling Book House (Inv. No.3036 dt. 2015-03-31) 2112.60 4 2 623.8171 R3466 BK001241 2023-05-15 2023-04-06 Books Shelf-10, Row-5
          Engineering IMU Kochi Library IMU Kochi Library General Stacks 2017-05-18 Sterling Book House 1772.40 6 3 623.8171 R3466 BK003024 2023-12-01 2023-12-01 Books Shelf-10, Row-5
          Engineering IMU Kochi Library IMU Kochi Library General Stacks 2017-05-18 Sterling Book House 1772.40 3 4 623.8171 R3466 BK003025 2023-05-18 2023-04-18 Books Shelf-10, Row-5
          Engineering IMU Kochi Library IMU Kochi Library General Stacks 2017-08-07 Sterling Book House 1814.40 3 3 623.8171 R3466 BK004665 2023-05-29 2023-04-26 Books Shelf-10, Row-5
          Engineering IMU Kochi Library IMU Kochi Library General Stacks 2017-05-18 Sterling Book House 1772.40 6 2 623.8171 R3466 BK003023 2023-12-15 2023-11-24 Books Shelf-10, Row-5


Copyright © All Rights Reserved by Indian Maritime University, Kochi Campus.
For any Suggestions/Query Contact to library or Email: library.kochi@imu.ac.in Ph:(0484)-2989402
(Web OPAC Designed by Rudra Ranjan. Maintained by IMU Kochi Library)

Powered by Koha